000 00293nam a22001337a 4500
008 181217b xxu||||| |||| 00| 0 eng d
020 _a9780534187620
041 _aeng
080 _24 TH
_a610
100 _a3
101 _aSHM
245 _aIssues And Ethics
_c Carey.C
942 _2udc
_cBK
999 _c53188
_d53188